| 000 | 00626nam a22001937a 4500 | ||
|---|---|---|---|
| 003 | 0 | ||
| 005 | 20250426123106.0 | ||
| 008 | 250426b xxu||||| |||| 00| 0 eng d | ||
| 020 | _a978-621-427-228-0 | ||
| 050 |
_aHG 4026 _b.B36 2024 |
||
| 100 | _aBanaag, Francis B. | ||
| 245 |
_aFundamentals of financial management _cFrancis B. Banaag |
||
| 260 |
_aManila _bUnlimited Books Library Services & Publishing Inc. _cc2024 |
||
| 300 |
_aviii, 218 pages ; _c23cm. |
||
| 504 | _aIncludes bibliographical references. | ||
| 650 | _aFinancial management. | ||
| 650 | _aFinancial management--Philippines. | ||
| 942 |
_2lcc _cBK |
||
| 999 |
_c367412 _d367412 |
||